Problem solving and structured programming in PASCAL
Enregistré dans:
| Auteur principal: | |
|---|---|
| Format: | Livre |
| Langue: | anglais |
| Publié: |
Reading
Addison-Wesley Pub. Co.
1981
|
| Tags: |
Pas de tags, Soyez le premier à ajouter un tag!
|
MARC
| LEADER | 00000nam a2200000 4500 | ||
|---|---|---|---|
| 001 | c136991 | ||
| 005 | 20221207070353.7 | ||
| 041 | 0 | |a eng | |
| 044 | |a US | ||
| 245 | 1 | 0 | |a Problem solving and structured programming in PASCAL |c Elliot B. Koffman |
| 264 | 1 | |a Reading |b Addison-Wesley Pub. Co. |c 1981 | |
| 300 | |a 430 s. | ||
| 100 | 1 | |a Koffman, Elliot B. | |